Истоки гуманистических исканий философской мысли Древнего Востока; Вестник науки Сибири; № 1 (2)

Détails bibliographiques
Parent link:Вестник науки Сибири: электронный научный журнал/ Томский политехнический университет (ТПУ).— , 2011-.— 2226-0064
№ 1 (2).— 2012.— [С. 231-236]
Auteur principal: Сергеев В. К. Виктор Константинович
Résumé:Заглавие с титульного листа
Рассматривается философское наследие Древней Индии и Древнего Китая. Автором показано, что первоначальные гуманистические поиски были присущи древневосточной философской мысли. Сделан вывод о том, что не следует преувеличивать гуманистический потенциал древнеиндийских и древнекитайских философских текстов.
Langue:russe
Publié: 2012
Collection:Общественные науки
Sujets:
Accès en ligne:http://earchive.tpu.ru/handle/11683/16001
Format: MixedMaterials Électronique Chapitre de livre
KOHA link:https://koha.lib.tpu.ru/cgi-bin/koha/opac-detail.pl?biblionumber=479070

MARC

LEADER 00000naa2a2200000 4500
001 479070
005 20231101093244.0
035 |a (RuTPU)RU\TPU\prd\145933 
035 |a RU\TPU\prd\145914 
090 |a 479070 
100 |a 20120705d2012 k y0rusy50 ca 
101 0 |a rus 
102 |a RU 
135 |a drnn ---uucaa 
181 0 |a i  
182 0 |a b 
200 1 |a Истоки гуманистических исканий философской мысли Древнего Востока  |f В. К. Сергеев 
203 |a Текст  |c электронный 
215 |a 1 файл (508 Кб) 
225 1 |a Общественные науки 
230 |a Электронные текстовые данные (1 файл : 508 Кб) 
300 |a Заглавие с титульного листа 
320 |a [Библиогр.: с. 236 (7 назв.)] 
330 |a Рассматривается философское наследие Древней Индии и Древнего Китая. Автором показано, что первоначальные гуманистические поиски были присущи древневосточной философской мысли. Сделан вывод о том, что не следует преувеличивать гуманистический потенциал древнеиндийских и древнекитайских философских текстов. 
337 |a Adobe Reader 
461 1 |0 (RuTPU)RU\TPU\prd\143680  |x 2226-0064  |t Вестник науки Сибири  |o электронный научный журнал  |f Томский политехнический университет (ТПУ)  |d 2011- 
463 1 |0 (RuTPU)RU\TPU\prd\145194  |t № 1 (2)  |v [С. 231-236]  |d 2012 
610 1 |a философия 
610 1 |a философская мысль 
610 1 |a Древний Восток 
610 1 |a Древний Китай 
610 1 |a Древняя Индия 
610 1 |a гуманизм 
610 1 |a истоки 
610 1 |a общество 
610 1 |a философские школы 
610 1 |a труды учёных ТПУ 
610 1 |a электронный ресурс 
675 |a 101.1:316  |v 3 
700 1 |a Сергеев  |b В. К.  |c философ, социолог  |c ассистент Томского политехнического университета  |f 1960-  |g Виктор Константинович  |2 stltpush  |3 (RuTPU)RU\TPU\pers\25564 
801 1 |a RU  |b 63413507  |c 20090623  |g PSBO 
801 2 |a RU  |b 63413507  |c 20180115  |g PSBO 
856 4 |u http://earchive.tpu.ru/handle/11683/16001 
942 |c BK